[Event "GER-chT U20"]
[Site "Braunschweig"]
[Date "2019.12.29"]
[Round "6.6"]
[White "Schamschurko, Andre"]
[Black "Duero, Liam"]
[Result "1-0"]
[WhiteElo "1868"]
[BlackElo "1841"]
[PlyCount "44"]
[EventDate "2019.12.27"]
[EventType "team-swiss"]
[EventRounds "7"]
[EventCountry "GER"]
[SourceTitle "CBM 194 Extra"]
[Source "ChessBase"]
[SourceDate "2020.03.31"]
[SourceVersion "1"]
[SourceVersionDate "2020.03.31"]
[SourceQuality "1"]
[WhiteTeam "Dresden TU"]
[BlackTeam "Trier SG"]
[WhiteTeamCountry "GER"]
[BlackTeamCountry "GER"]

1. e4 c6 2. d4 d5 3. f3 dxe4 4. fxe4 e5 5. Nf3 exd4 6. Bc4 Nf6 7. 0-0 Be7 8. Ng5 0-0 9. Nxf7 Qb6 10. Ng5+ Kh8 11. e5 d3+ 12. Kh1 Nfd7 13. Rxf8+ Nxf8 14. Nf7+ Kg8 15. Qxd3 Be6 16. Bxe6 Nxe6 17. Nd6 Qf2 18. Bd2 Bxd6 19. exd6 Nd7 20. Nc3 Ne5 21. Qe4 Rf8 22. Ne2 Nd4 1-0

[Event "GER-chT U20"]
[Site "Braunschweig"]
[Date "2019.12.28"]
[Round "4.6"]
[White "McPherson, Elisha"]
[Black "Schamschurko, Andre"]
[Result "1-0"]
[WhiteElo "1975"]
[BlackElo "1868"]
[PlyCount "103"]
[EventDate "2019.12.27"]
[EventType "team-swiss"]
[EventRounds "7"]
[EventCountry "GER"]
[SourceTitle "CBM 194 Extra"]
[Source "ChessBase"]
[SourceDate "2020.03.31"]
[SourceVersion "1"]
[SourceVersionDate "2020.03.31"]
[SourceQuality "1"]
[WhiteTeam "Augsburg"]
[BlackTeam "Dresden TU"]
[WhiteTeamCountry "GER"]
[BlackTeamCountry "GER"]

1. e4 c5 2. Nc3 Nc6 3. f4 e6 4. Nf3 d6 5. d4 cxd4 6. Nxd4 a6 7. Be3 Nf6 8. Be2 Be7 9. Bf3 e5 10. Nb3 0-0 11. Qe2 b5 12. 0-0-0 Bb7 13. Nd5 Rc8 14. Bb6 Qe8 15. Nxf6+ Bxf6 16. Bg4 exf4 17. Bxc8 Qe5 18. c3 Rxc8 19. Kb1 Ne7 20. Rhe1 Bh4 21. Bd4 Qe6 22. Bf2 Bxf2 23. Qxf2 Ng6 24. Qe2 Re8 25. Rd4 Qe7 26. Nd2 f5 27. Qf2 fxe4 28. Nxe4 Kf8 29. Re2 d5 30. Ng3 Qf6 31. Rxe8+ Kxe8 32. Ne2 Qf5+ 33. Kc1 Ne5 34. Rxf4 Nd3+ 35. Kd2 Qxf4+ 36. Qxf4 Nxf4 37. Nxf4 Ke7 38. Ke3 g6 39. Kd4 Kd6 40. Nh3 h6 41. Nf4 g5 42. Nd3 Bc8 43. g3 a5 44. a4 bxa4 45. Nc5 Kc6 46. Nxa4 Ba6 47. Nc5 Bc4 48. Ne6 Kb5 49. Nc7+ Ka4 50. Nxd5 Bxd5 51. Kxd5 Kb3 52. c4 1-0

[Event "GER-chT U14"]
[Site "Magdeburg"]
[Date "2012.12.29"]
[Round "6.4"]
[White "Schamschurko, Andre"]
[Black "Fabiunke, Jakob"]
[Result "1-0"]
[WhiteElo "1492"]
[BlackElo "1491"]
[PlyCount "57"]
[EventDate "2012.12.27"]
[EventType "team-swiss"]
[EventRounds "7"]
[EventCountry "GER"]
[SourceTitle "EXT 2014"]
[Source "ChessBase"]
[SourceDate "2013.11.20"]
[SourceVersion "1"]
[SourceVersionDate "2013.11.20"]
[SourceQuality "1"]
[WhiteTeam "Dresden TU"]
[BlackTeam "Weissensee Chemie"]
[WhiteTeamCountry "GER"]
[BlackTeamCountry "GER"]

1. e4 e5 2. Nf3 Nc6 3. Bc4 Bc5 4. c3 Nf6 5. d3 d6 6. h3 h6 7. Bb3 0-0 8. Nbd2 a6 9. Nf1 Nh5 10. Be3 Ba7 11. Bxa7 Rxa7 12. d4 exd4 13. cxd4 Nf4 14. Ne3 Re8 15. Bc2 Qf6 16. Qd2 Nxg2+ 17. Kf1 Qxf3 18. Nxg2 Bxh3 19. Rg1 Raa8 20. Re1 Bxg2+ 21. Rxg2 Qh3 22. Re3 Qh4 23. Reg3 g5 24. Kg1 Kf8 25. Rg4 Qh5 26. f3 Ke7 27. e5 f6 28. exf6+ Kxf6 29. Rh2 1-0

[Event "Dresden ZMD op-B 21st"]
[Site "Dresden"]
[Date "2012.08.26"]
[Round "9"]
[White "Biastoch, Bennet"]
[Black "Schamschurko, Andre"]
[Result "1-0"]
[WhiteElo "1536"]
[BlackElo "1520"]
[PlyCount "81"]
[EventDate "2012.08.18"]
[EventType "swiss"]
[EventRounds "9"]
[EventCountry "GER"]
[SourceTitle "CBM 150 Extra"]
[Source "ChessBase"]
[SourceDate "2012.10.19"]
[SourceVersion "1"]
[SourceVersionDate "2012.10.19"]
[SourceQuality "1"]

1. e4 e6 2. d4 d5 3. Nc3 Bb4 4. e5 b6 5. Nf3 Bf8 6. Bg5 Ne7 7. Bd3 Ba6 8. 0-0 Bxd3 9. Qxd3 c6 10. Nd2 h5 11. f4 g6 12. Qh3 Bg7 13. Rae1 Qd7 14. Bf6 Rg8 15. g4 hxg4 16. Qh7 Kf8 17. h3 g3 18. Nf3 Nf5 19. Ng5 c5 20. Ne2 Bxf6 21. exf6 cxd4 22. c3 dxc3 23. bxc3 a6 24. Nd4 Nxd4 25. cxd4 Ra7 26. Rc1 Nc6 27. Rfd1 Rc7 28. Rd2 Nd8 29. Rdc2 Rxc2 30. Rxc2 b5 31. Rc3 a5 32. Rxg3 Qa7 33. Rd3 b4 34. Kg2 Qc7 35. Kf3 a4 36. Re3 Qd7 37. h4 a3 38. Kg3 Qb7 39. Rxe6 fxe6 40. Nxe6+ Nxe6 41. Qxb7 1-0

[Event "Dresden ZMD op-B 21st"]
[Site "Dresden"]
[Date "2012.08.23"]
[Round "6"]
[White "Schamschurko, Andre"]
[Black "Nobis, Anna"]
[Result "0-1"]
[WhiteElo "1520"]
[BlackElo "1773"]
[PlyCount "78"]
[EventDate "2012.08.18"]
[EventType "swiss"]
[EventRounds "9"]
[EventCountry "GER"]
[SourceTitle "CBM 150 Extra"]
[Source "ChessBase"]
[SourceDate "2012.10.19"]
[SourceVersion "1"]
[SourceVersionDate "2012.10.19"]
[SourceQuality "1"]

1. e4 c5 2. Nc3 Nc6 3. Bb5 Nd4 4. Bc4 g6 5. Nf3 Bg7 6. Nxd4 cxd4 7. Qf3 e6 8. Nb5 d6 9. c3 dxc3 10. bxc3 a6 11. Na3 b5 12. Bb3 Ne7 13. Nc2 0-0 14. d4 Bb7 15. 0-0 Rc8 16. Bb2 d5 17. e5 Nc6 18. a3 Na5 19. Ba2 Qe7 20. Qe2 Rc7 21. Ne3 Rfc8 22. Rfc1 Bh6 23. g3 Nc4 24. Bxc4 dxc4 25. f4 Qd7 26. Rd1 Rd8 27. Rd2 Qc6 28. Kf2 Qb6 29. Rad1 Bf8 30. Kf1 Rcd7 31. d5 exd5 32. Nc2 Bc5 33. Nd4 Re8 34. Qg4 Qc7 35. Re1 Bxd4 36. Rxd4 Rde7 37. Qg5 Qc6 38. Rdd1 d4 39. cxd4 Qg2# 0-1

[Event "GER-chT U12"]
[Site "Arendsee"]
[Date "2011.12.28"]
[Round "3.3"]
[White "Schamschurko, Andre"]
[Black "Schmidek, Emil"]
[Result "0-1"]
[WhiteElo "1738"]
[BlackElo "1792"]
[PlyCount "74"]
[EventDate "2011.12.27"]
[EventType "team-swiss"]
[EventRounds "7"]
[EventCountry "GER"]
[SourceTitle "EXT 2022"]
[Source "ChessBase"]
[SourceDate "2021.10.06"]
[SourceVersion "1"]
[SourceVersionDate "2021.10.06"]
[SourceQuality "1"]
[WhiteTeam "Dresden USV TU U12"]
[BlackTeam "Berlin TuS Makkabi U12"]
[WhiteTeamCountry "GER"]
[BlackTeamCountry "GER"]

1. e4 e5 2. Nf3 Nc6 3. Bb5 a6 4. Ba4 b5 5. Bb3 Nf6 6. 0-0 Be7 7. Re1 d6 8. c3 0-0 9. h3 Na5 10. Bc2 c5 11. d4 Qc7 12. Nbd2 cxd4 13. cxd4 Nc6 14. Nf1 exd4 15. Nxd4 Nxd4 16. Bb1 Nc6 17. Ne3 Be6 18. Qc2 Rac8 19. Qe2 Rfe8 20. Bd2 Ne5 21. Bc3 Qb7 22. f4 Nc4 23. Qd3 Nxe3 24. Rxe3 Bc4 25. Qc2 Qb6 26. Qd2 d5 27. Bd4 Bc5 28. Bxc5 Qxc5 29. e5 d4 30. Re1 d3+ 31. Kh1 Nh5 32. b3 Qd4 33. Bc2 Ng3+ 34. Kh2 Ne4 35. Qd1 Qf2 36. bxc4 Qxf4+ 37. Kh1 Nf2+ 0-1

[Event "GER-chT U12"]
[Site "Gross Doelln"]
[Date "2010.12.28"]
[Round "3.2"]
[White "Ovsepyan, Arshak"]
[Black "Schamschurko, Andre"]
[Result "1-0"]
[WhiteElo "1793"]
[BlackElo "1460"]
[PlyCount "66"]
[EventDate "2010.12.27"]
[EventType "team-swiss"]
[EventRounds "7"]
[EventCountry "GER"]
[SourceTitle "CBM 140 Extra"]
[Source "ChessBase"]
[SourceDate "2011.03.01"]
[SourceVersion "1"]
[SourceVersionDate "2011.03.01"]
[SourceQuality "1"]
[WhiteTeam "Muenchen Suedost U12"]
[BlackTeam "Dresden USV TU U12"]
[WhiteTeamCountry "GER"]
[BlackTeamCountry "GER"]

1. e4 e6 2. d4 d5 3. exd5 exd5 4. Bd3 Bd6 5. Nf3 Nc6 6. c3 Nge7 7. Be3 Bf5 8. Qc2 Qd7 9. Nbd2 0-0-0 10. b4 Rde8 11. 0-0 f6 12. a4 Bxd3 13. Qxd3 Nf5 14. a5 Nxe3 15. fxe3 f5 16. b5 Nd8 17. c4 dxc4 18. Nxc4 Nf7 19. b6 cxb6 20. axb6 a6 21. Nxd6+ Nxd6 22. Ne5 Qe6 23. Qc3+ Nc4 24. Qxc4+ Qxc4 25. Nxc4 Kb8 26. Rxf5 g6 27. Rf7 Ref8 28. Raf1 Rxf7 29. Rxf7 Rc8 30. Nd6 Rc1+ 31. Kf2 Rc2+ 32. Kf3 Ra2 33. Rxb7+ Ka8 1-0

[Event "Dresden ZMD op"]
[Site "Dresden"]
[Date "2010.07.16"]
[Round "7"]
[White "Schamschurko, Andre"]
[Black "Nosek, Reinhard"]
[Result "0-1"]
[WhiteElo "1431"]
[BlackElo "1934"]
[PlyCount "78"]
[EventDate "2010.07.10"]
[EventType "swiss"]
[EventRounds "9"]
[EventCountry "GER"]
[SourceTitle "CBM 137 Extra"]
[Source "ChessBase"]
[SourceDate "2010.09.01"]
[SourceVersion "1"]
[SourceVersionDate "2010.09.01"]
[SourceQuality "1"]

1. e4 d5 2. exd5 Qxd5 3. Nc3 Qd6 4. d4 Nf6 5. Nf3 a6 6. Bc4 b5 7. Bb3 Nc6 8. Ng5 Nd8 9. Qf3 Rb8 10. Bf4 Qd7 11. Nd5 Rb7 12. 0-0 h6 13. Ne4 Nxd5 14. Bxd5 c6 15. Nc5 Qxd5 16. Qxd5 cxd5 17. Nxb7 Bxb7 18. a4 Bc6 19. b3 bxa4 20. bxa4 g5 21. Bg3 Bg7 22. c3 f5 23. f4 e6 24. fxg5 hxg5 25. Bd6 Kd7 26. Bb4 f4 27. Rf3 Nf7 28. g3 e5 29. gxf4 gxf4 30. Bc5 Ng5 31. Rff1 e4 32. Kg2 Ne6 33. Bb4 Bf6 34. Ba5 f3+ 35. Kg1 Nf4 36. Rfe1 Rg8+ 37. Kh1 f2 38. Rf1 e3 39. Ra2 Nh3 0-1

[Event "GER-ch U10"]
[Site "Willingen"]
[Date "2009.06.05"]
[Round "9"]
[White "Schamschurko, Andre"]
[Black "Reuker, Jari"]
[Result "1-0"]
[WhiteElo "1282"]
[BlackElo "1147"]
[PlyCount "109"]
[EventDate "2009.05.30"]
[EventType "swiss"]
[EventRounds "11"]
[EventCountry "GER"]
[SourceTitle "EXT 2010"]
[Source "ChessBase"]
[SourceDate "2010.11.25"]
[SourceVersion "1"]
[SourceVersionDate "2010.11.25"]
[SourceQuality "1"]

1. e4 d5 2. exd5 Qxd5 3. Nc3 Qd6 4. d4 Nf6 5. Nf3 Bf5 6. Bc4 a6 7. Be3 e6 8. Qe2 Nbd7 9. 0-0-0 Be7 10. Bd2 b5 11. Bd3 Bxd3 12. Qxd3 0-0 13. h4 b4 14. Ne4 Nxe4 15. Qxe4 a5 16. h5 a4 17. g4 b3 18. a3 Nb6 19. c3 Nc4 20. Bg5 c5 21. dxc5 Qxc5 22. Bxe7 Qxe7 23. Qxc4 Rfc8 24. Qd4 Rd8 25. Qe5 h6 26. g5 hxg5 27. Nxg5 Re8 28. Nf3 Qb7 29. h6 f6 30. Qg3 g5 31. Rdg1 Kh8 32. Nh2 e5 33. Ng4 Qe7 34. Ne3 Qe6 35. Qg4 Qxg4 36. Nxg4 f5 37. Ne3 f4 38. Nf5 e4 39. Rxg5 Re5 40. Rhg1 Rf8 41. Nd4 Rxg5 42. Rxg5 e3 43. fxe3 fxe3 44. Nf5 Re8 45. Kd1 e2+ 46. Ke1 Re5 47. Rh5 Kh7 48. Ng3 Re3 49. Nxe2 Kg6 50. h7 Kxh5 51. h8Q+ Kg4 52. Qd4+ Kf3 53. Qf4+ Kg2 54. Qg3+ Kh1 55. Qg1# 1-0

[Event "GER-ch U10"]
[Site "Willingen"]
[Date "2009.06.02"]
[Round "5"]
[White "Schamschurko, Andre"]
[Black "Berdin, Victoria"]
[Result "0-1"]
[WhiteElo "1282"]
[BlackElo "1137"]
[PlyCount "68"]
[EventDate "2009.05.30"]
[EventType "swiss"]
[EventRounds "11"]
[EventCountry "GER"]
[SourceTitle "EXT 2010"]
[Source "ChessBase"]
[SourceDate "2010.11.25"]
[SourceVersion "1"]
[SourceVersionDate "2010.11.25"]
[SourceQuality "1"]

1. e4 e5 2. Nf3 Nc6 3. Bb5 Nf6 4. d3 d6 5. d4 Bd7 6. Nc3 a6 7. Bxc6 Bxc6 8. d5 Bd7 9. h3 c6 10. Bg5 h6 11. Be3 Be7 12. Qd3 0-0 13. 0-0-0 Qa5 14. Rdg1 b5 15. dxc6 Bxc6 16. Kb1 b4 17. Ne2 Bb5 18. Qd1 Nxe4 19. g4 Bxe2 20. Qxe2 Qb5 21. Qxb5 axb5 22. g5 h5 23. Nd2 Nxd2+ 24. Bxd2 d5 25. Re1 e4 26. f3 Rad8 27. fxe4 dxe4 28. Rxe4 Rxd2 29. Rxe7 Rfd8 30. Kc1 Rg2 31. h4 Rc8 32. Kb1 Rcxc2 33. Rb7 Rxb2+ 34. Kc1 Rxa2 0-1

[Event "GER-ch U10"]
[Site "Willingen"]
[Date "2009.06.01"]
[Round "4"]
[White "Baskin, Robert"]
[Black "Schamschurko, Andre"]
[Result "1-0"]
[WhiteElo "1697"]
[BlackElo "1282"]
[PlyCount "25"]
[EventDate "2009.05.30"]
[EventType "swiss"]
[EventRounds "11"]
[EventCountry "GER"]
[SourceTitle "EXT 2010"]
[Source "ChessBase"]
[SourceDate "2010.11.25"]
[SourceVersion "1"]
[SourceVersionDate "2010.11.25"]
[SourceQuality "1"]

1. e4 e5 2. Nf3 Nc6 3. Bb5 f5 4. d3 fxe4 5. dxe4 Nf6 6. 0-0 Bc5 7. Bxc6 bxc6 8. Nxe5 Nxe4 9. Qh5+ g6 10. Nxg6 Rb8 11. Ne5+ Ke7 12. Qf7+ Kd6 13. Nc4# 1-0

[Event "GER-ch U10"]
[Site "Willingen"]
[Date "2009.05.30"]
[Round "1"]
[White "Schamschurko, Andre"]
[Black "Lederer, Leia"]
[Result "1-0"]
[WhiteElo "1282"]
[BlackElo "944"]
[PlyCount "121"]
[EventDate "2009.05.30"]
[EventType "swiss"]
[EventRounds "11"]
[EventCountry "GER"]
[SourceTitle "EXT 2010"]
[Source "ChessBase"]
[SourceDate "2010.11.25"]
[SourceVersion "1"]
[SourceVersionDate "2010.11.25"]
[SourceQuality "1"]

1. e4 e5 2. Nf3 Nc6 3. Bb5 a6 4. Ba4 Nf6 5. 0-0 b5 6. Bb3 d6 7. Re1 Bg4 8. d3 Bxf3 9. Qxf3 Nd4 10. Qd1 Nxb3 11. axb3 d5 12. Nd2 dxe4 13. Nxe4 Qd4 14. Nxf6+ gxf6 15. c3 Qd5 16. c4 bxc4 17. bxc4 Qb7 18. d4 0-0-0 19. Qg4+ Kb8 20. dxe5 Bb4 21. Rd1 Rxd1+ 22. Qxd1 Rg8 23. Qf1 fxe5 24. g3 f5 25. Qh3 f4 26. Qxh7 Rd8 27. Qh5 e4 28. Bxf4 Ka7 29. Be3+ Ka8 30. Qe2 a5 31. h4 c5 32. Bxc5 Bxc5 33. Rxa5+ Ba7 34. g4 Qb6 35. Qxe4+ Qb7 36. Qxb7+ Kxb7 37. g5 Bb6 38. Rd5 Rh8 39. c5 Bc7 40. Rd4 Kc6 41. b4 Be5 42. Re4 Bc3 43. Re6+ Kd5 44. Rd6+ Kc4 45. Rh6 Re8 46. c6 Bxb4 47. f4 Re1+ 48. Kf2 Rh1 49. c7 Be1+ 50. Kf3 Kd3 51. Rd6+ Kc2 52. c8Q+ Bc3 53. Qf5+ Kb3 54. Qb5+ Bb4 55. Rd3+ Ka2 56. Qa4+ Ba3 57. Qxa3+ Kb1 58. Rb3+ Kc2 59. Qb2+ Kd1 60. Rd3+ Ke1 61. Qe2# 1-0

[Event "Sachsen-ch U10"]
[Site "Sebnitz"]
[Date "2009.04.17"]
[Round "7"]
[White "Schamschurko, Andre"]
[Black "Schoene, Lucas"]
[Result "1-0"]
[WhiteElo "1125"]
[BlackElo "1128"]
[PlyCount "53"]
[EventDate "2009.04.14"]
[EventType "swiss"]
[EventRounds "7"]
[EventCountry "GER"]
[SourceTitle "EXT 2010"]
[Source "ChessBase"]
[SourceDate "2010.11.25"]
[SourceVersion "1"]
[SourceVersionDate "2010.11.25"]
[SourceQuality "1"]

1. e4 e6 2. d4 d5 3. Nc3 Bb4 4. exd5 Qxd5 5. Nf3 Nf6 6. Bd2 Bxc3 7. Bxc3 Nbd7 8. Bd3 b6 9. Qe2 Bb7 10. 0-0 0-0 11. Ne1 h5 12. f4 c5 13. Nf3 Qd6 14. dxc5 Qxc5+ 15. Kh1 Rfe8 16. Ne5 Qd5 17. Nxd7 Nxd7 18. Rad1 Kh8 19. Bb5 Qf5 20. Rxd7 Be4 21. Rc7 Red8 22. Qf2 Qxb5 23. Rxf7 Bxc2 24. Rxg7 Re8 25. Rg5+ e5 26. Bxe5+ Kh7 27. Qxc2+ 1-0